| 000 | 00660nam a2200145Ia 4500 | ||
|---|---|---|---|
| 005 | 20240422015654.0 | ||
| 008 | 240331s9999 xx 000 0 und d | ||
| 082 |
_bMIG _a331.127 |
||
| 245 | 0 | _aMigrant labour for sale ? | |
| 260 |
_aHong Kong : _bChristian Conference of Asia - Urban Rural Mission / _c1986 |
||
| 300 | _aii, 90 p ., | ||
| 500 | _aLabour migrants keep on moving under tragic conditions, on the one hand, they succumb to the ' pull' of the host countries which promise immediate material well - being, on the other hand, the poverty and underdevelopment of their own countries push them out. | ||
| 700 |
_aChristian conference. _eedt |
||
| 942 | _cL | ||
| 999 |
_c4397 _d4397 |
||